000 00387nam a2200157Ia 4500
008 240729s9999 xx 000 0 und d
022 _a1660-3397
245 0 _aMarine Drugs
260 _aSwitzerland
260 _bMDPI AG
650 _a Biology (General)
650 _aScience
856 _uhttps://doaj.org/toc/19f508a81709416e8944002f489c3a67
942 _2ddc
942 _cDOAJEJ
999 _c67865
_d67865
945 _a1
_bMadushi Gamage
_c1
_dMadushi Gamage